Statistics for European Countries That Have Or Used To Have A LGBT Leader

Click here to take the quiz!

General Stats

  • This quiz has been taken 83 times
  • The average score is 4 of 5

Answer Stats

HintAnswer% Correct
2011Iceland
84%
2021Luxembourg
79%
2015Belgium
78%
2016Ireland
75%
2020Serbia
67%

Score Distribution

Percentile by Number Answered

Percent of People with Each Score

Your Score History

You have not taken this quiz